| 000 | 00891nam a2200325 b 4500 | ||
|---|---|---|---|
| 001 | 01850141 | ||
| 003 | DO-SdBNP | ||
| 005 | 20180207105836.0 | ||
| 007 | 01850141 | ||
| 008 | 030508s2003 sp | ||| ||spa | ||
| 016 | 7 |
_a _2 BPMSU |
|
| 017 |
_a _b |
||
| 020 | _a8484411249 | ||
| 035 | _a | ||
| 040 |
_aBPMSU _bspa _cBPMSU _e |
||
| 041 | 1 |
_aspa _h |
|
| 080 | 0 | _a | |
| 100 | 1 |
_aGoy, Giulia _d1962- |
|
| 240 | 1 | 0 |
_aMaleducata io? _lespañol |
| 245 | 1 | 1 |
_a¿Yo, maleducada? : _blas reglas de oro para la perfecta adolescente / _h _cGiulia Goy ; traducción Teresa Clavel |
| 250 | _a2ª ed. | ||
| 260 |
_aBarcelona _bMontena _c2003 |
||
| 300 |
_a264 p.: _c18 cm |
||
| 490 | 1 |
_aChicas _v40 |
|
| 700 |
_aClavel, Teresa _etr. |
||
| 830 | 0 |
_aChicas (Barcelona) _v40 |
|
| 942 |
_2ddc _cBK |
||
| 945 | _ainventariado, 2018 / dg | ||
| 956 |
_aVMATEO _210 _320160421 _6BPMSU _80069 |
||
| 999 |
_c9876 _d9876 |
||